000 00382nam a2200133 4500
999 _c512733
_d512733
008 191212b ||||| |||| 00| 0 eng d
100 _aSharma, Hitesh
_914482
245 _aEPR for E-waste management in India: A producer perspective
260 _bVikalpa
300 _a44(3), Jul-Sep, 2019: p.158-160.
773 _aVikalpa
906 _aE-waste management
942 _2ddc
_cAR